Jubilant Jozef Kuric

Bibliographic Details
Main Authors: Knotek, Štefan (Author), Ďurdiak, Ľuboš, 1976- (Author)
Format: Article
Language:Slovak
ISSN:1335-6267
Subjects:

MARC

LEADER 00000nab a2200000 a 4500
001 vtls000792946
003 SK-MaSNL
005 20260305043611.0
008 250429c2001 xo 0 slo
015 |a SNBRB2002/06-18137 
035 |a CLN000144601 
035 |a urn:nbn:sk:snk-ab7236 
035 |a (uuid)e06f0447-c417-43f1-9596-f93a9e151211 
035 |a (urnnbn)urn:nbn:sk:snk:ar-a06ncl 
035 |a (sysno)vtls000792946 
040 |a SNKBUCL  |b slo  |c SNKBUCL  |e AACR2 
041 0 |a slo 
044 |a xo  |c SK 
080 |a 159.9-051  |2 1997 
080 |a 929 Kuric, Jozef  |2 1997 
080 |a 159.922.7  |2 1997 
100 1 |a Knotek, Štefan  |4 aut  |9 659482 
245 1 0 |a Jubilant Jozef Kuric  |c Štefan Knotek, Ľuboš Ďurdiak 
600 1 7 |a Kuric, Jozef,  |d 1926-2015  |2 SNK  |9 211247 
650 0 7 |a psychológia dieťaťa  |2 SNKPH  |9 1793 
650 0 7 |a organizácia a riadenie  |2 SNKPH  |9 3863 
650 0 7 |a výchova a vzdelávanie  |2 SNKPH  |9 1684 
650 0 7 |a geriatria  |2 SNKPH  |9 903 
655 7 |a články z novín a časopisov  |2 SNK  |9 267496 
655 7 |a biografie  |2 SNKPH  |9 27965 
700 1 |a Ďurdiak, Ľuboš,  |d 1976-  |4 aut  |9 251979 
773 0 |t Psychofórum  |g Roč. 1, č. 1 (2001), s. 49-50  |x 1335-6267 
850 |a Slovenská národná knižnica 
852 |a Slovenská národná knižnica 
954 |a odborná, vedecká literatúra pôvodná (slovenská)  |2 lita 
958 |a article2022 
958 |a MI 
958 |a SK 
958 |a BX 
958 |a OND 
958 |a EUIPO 
999 |c 3354265  |d 3356195